Hướng dẫn ôn thi môn lịch sử Đảng Cộng sản Việt Nam : Dùng cho sinh viên các trường Đại học, Cao đẳng
Sách phục vụ cho việc giảng dạy và học tập lịch sử Đảng Cộng sản Việt Nam. Sách được trình bày ở dạng hỏi và đáp và bám sát yêu cầu môn học
Tallennettuna:
| Päätekijä: | |
|---|---|
| Aineistotyyppi: | Kirja |
| Kieli: | Undetermined |
| Julkaistu: |
Hà Nội
Chính trị Quốc gia
2008
|
| Aiheet: | |
| Tagit: |
Lisää tagi
Ei tageja, Lisää ensimmäinen tagi!
|
| Thư viện lưu trữ: | Trung tâm Học liệu Trường Đại học Cần Thơ |
|---|
| LEADER | 00999nam a2200229Ia 4500 | ||
|---|---|---|---|
| 001 | CTU_139683 | ||
| 008 | 210402s9999 xx 000 0 und d | ||
| 020 | |c 38000 | ||
| 082 | |a 324.2597075 | ||
| 082 | |b Ph506 | ||
| 100 | |a Nguyễn, Trọng Phúc | ||
| 245 | 0 | |a Hướng dẫn ôn thi môn lịch sử Đảng Cộng sản Việt Nam : | |
| 245 | 0 | |b Dùng cho sinh viên các trường Đại học, Cao đẳng | |
| 245 | 0 | |c Nguyễn Trọng Phúc ...[et al.] | |
| 260 | |a Hà Nội | ||
| 260 | |b Chính trị Quốc gia | ||
| 260 | |c 2008 | ||
| 520 | |a Sách phục vụ cho việc giảng dạy và học tập lịch sử Đảng Cộng sản Việt Nam. Sách được trình bày ở dạng hỏi và đáp và bám sát yêu cầu môn học | ||
| 650 | |a Communist parties,Đảng cộng sản | ||
| 650 | |z Vietnam,Việt Nam | ||
| 904 | |i Trọng Hải | ||
| 980 | |a Trung tâm Học liệu Trường Đại học Cần Thơ | ||